| 000 | 00816nam a2200253Ia 4500 | ||
|---|---|---|---|
| 001 | 9854 | ||
| 003 | GE_BSU | ||
| 008 | 181216s||||||||xx |||||||||||||| ||und|| | ||
| 020 | _a9992822708 | ||
| 040 | _cGE_BSU | ||
| 080 | _a821.353.1-1 | ||
| 100 | _aკობახიძე,გიორგი | ||
| 245 | _aჩემი დღეები და ღამეები | ||
| 245 | _bლექსები | ||
| 245 | _cრედ:თამაზ ტყემალაძე,მხატვ:კარლო ფაჩულია | ||
| 260 | _aთბილისი. | ||
| 260 | _bმერიდიანი. | ||
| 260 | _c2001 | ||
| 300 | _a103გვ;15სმ | ||
| 541 | _h3ლ | ||
| 653 | _aლექსები | ||
| 653 | _aჩემი დღეები და ღამეები | ||
| 942 | _cBK | ||
| 999 |
_c43133 _d43133 |
||